000 00468nam a2200181Ia 4500
008 210719s2018 xx 000 0 und d
020 _a978-9-387-57867-8
041 _aeng
082 _a820.33 SHER
100 _aSHENOY (Preeti)
245 _aRule breakers
260 _aChennai
_bWestland books pvt ltd.,
_c2018
300 _a321
_bPB
365 _b350
_cRs
650 _aIndian English Fiction
650 _aIndian English Fiction
906 _abreakers ; Rule
999 _c211763
_d211763